Macgyver Cast CBS - Statistics

General Stats
  • This quiz has been taken 84 times
  • The average score is 5 of 16
Answer Stats
actor Character % Correct
Lucas Till Macgyver
92%
George Eads Jack Dalton
67%
Tristin Mays Riley Davis
63%
Justin Hires Bozer
56%
Levy tran Desi Nguyen
25%
Tracy Spiridakos Nikki
22%
Henry Ian Cusick Russ Taylor
22%
Isabel Lucas Samantha Cage
20%
Meredith Eaton Matty Weber
17%
Lance Cross Billy Colton
16%
William Baldwin Elwood
16%
Reign Edwards Leanna Martin
14%
Sandrine Holt Patricia Thornton
14%
Kate Bond Jill Morgan
13%
Amber SKye Noyes Scarlett
9%
Sheryl Lee Ralph Mama Colton
6%
No matching quizzes found
Score Distribution
Percent of People with Each Score
Percentile by Number Answered
Your Score History
You have not taken this quiz